00851nam a22002057a 4500003000200000005001700002008004100019050002600060100002800086245016200114260007100276300004400347500004100391504005600432650004000488650004600528700002700574700002600601700001800627020250203160845.0250203b xxu||||| |||| 00| 0 eng d aHF 5548.32b.B36 2024 aBanzon, John Gabriel A. aSupport localbE-commerce mobile application design for philippine retail companies supporting micro-entrepreneurs. cJohn Gabriel A, Banzon and three others aLas Pinas CitybSouthville International School and Collegesc2024 ax, 165 pages:bcolored pictures;c28cm. aBachelor of Arts in Multimedia Arts. aIncludes bibliographical references and appendices. aE-commerce – Mobile applications. aMicro-entrepreneurs – Business support. aBriones, Jhoemarlyn A. aMajait, Sheila Mae B. aSato Ayumi Y.